000 00671cab a2200241 4500
001 ABS46173
008 090401t1992 xxu||||| |||| 00| 0 eng d
035 _a(Sirsi) u57054
041 _aeng
100 _aWebb, C.
245 _aClocking the congestion
260 _c1992
350 _a0
490 _aSurveyor
_v177(5185) 26 March 1992, 16-17(2)
520 _aCambridge CC is planning to stage a congestion metering exercise in Cambridge city centre in 1993
650 _aCAMBRIDGE
650 _aROAD PRICING
650 _aTRAFFIC CONGESTION
650 _aTRANSPORT POLICY
690 _aTRANSPORT AND COMMUNICATIONS
942 _n0
948 _c04/03/1997
999 _c34785
_d34785